[Event "Elit(Linkoping-Astorp)"]
[Site "?"]
[Date "2006.10.20"]
[Round "1"]
[White "Rosberg, Simon"]
[Black "Jakobsen, Ole"]
[Result "0-1"]
[WhiteElo "2196"]
[BlackElo "2370"]
[PlyCount "60"]
[EventDate "2006.??.??"]

1. d4 Nf6 2. Nf3 d6 3. c4 Nbd7 4. Nc3 e5 5. e4 g6 6. g3 Bg7 7. Bg2 O-O 8. O-O
a6 9. h3 b5 10. Qc2 b4 11. dxe5 dxe5 12. Nd5 Rb8 13. Rd1 c6 14. Nxf6+ Bxf6 15.
Be3 Qa5 16. Qd2 Be7 17. a4 Qc7 18. Qc2 Qa5 19. Nd2 Nc5 20. Nb3 Nxb3 21. Qxb3
Be6 22. Qc2 b3 23. Qe2 Rfd8 24. Bf1 Kg7 25. Kh2 Bc5 26. Rxd8 Rxd8 27. Bxc5 Qxc5
28. Ra3 Bxc4 29. Qe1 Bxf1 30. Qxf1 Rd2 0-1

[Event "Elit(Linkoping-Astorp)"]
[Site "?"]
[Date "2006.10.20"]
[Round "1"]
[White "Nilsson, Anders"]
[Black "Klashed, Martin"]
[Result "0-1"]
[WhiteElo "2245"]
[BlackElo "2124"]
[PlyCount "68"]
[EventDate "2006.??.??"]

1. d4 Nf6 2. c4 e6 3. Nc3 Bb4 4. e3 O-O 5. Bd3 d5 6. Nge2 Re8 7. cxd5 exd5 8.
f3 c5 9. O-O b6 10. a3 Bxc3 11. Nxc3 Ba6 12. Bxa6 Nxa6 13. Qd3 Nc7 14. Bd2 Ne6
15. Rae1 Qd7 16. Ne2 a5 17. Bc3 c4 18. Qd2 Qa4 19. e4 dxe4 20. d5 e3 21. Qd1
Qxd1 22. Rxd1 Nc5 23. Bxf6 gxf6 24. Rd4 b5 25. Rfd1 a4 26. d6 Nd3 27. d7 Red8
28. Re4 Nf2 29. Rd6 Nxe4 30. fxe4 Ra7 31. Nc3 Raxd7 32. Rxf6 Rd1+ 33. Rf1 Rxf1+
34. Kxf1 Rd2 0-1

[Event "Elit(Linkoping-Astorp)"]
[Site "?"]
[Date "2006.10.20"]
[Round "1"]
[White "Carlsson, Ingvar"]
[Black "Ivarsson, Stefan"]
[Result "0-1"]
[WhiteElo "2085"]
[BlackElo "2293"]
[PlyCount "72"]
[EventDate "2006.??.??"]

1. e4 e6 2. d3 d5 3. Nd2 Nf6 4. Ngf3 Nc6 5. c3 a5 6. Qc2 e5 7. Be2 Bc5 8. O-O
O-O 9. b3 Re8 10. Bb2 Bg4 11. h3 Bh5 12. Rfe1 Bg6 13. Rad1 Nh5 14. exd5 Qxd5
15. Ne4 Ba7 16. Nh4 Nf4 17. Nxg6 Nxg6 18. Bf3 Qd7 19. Ng3 Nh4 20. Qe2 f5 21.
Nf1 g6 22. Ne3 Nxf3+ 23. Qxf3 Rad8 24. Kh2 Qf7 25. c4 Bd4 26. Bxd4 Rxd4 27. Nd5
Nd8 28. Qg3 c6 29. Nc3 Qf6 30. Ne2 Rd7 31. f4 Rde7 32. fxe5 Qxe5 33. Nf4 Qd6
34. Rxe7 Rxe7 35. Kh1 Ne6 36. Nxe6 Qxg3 0-1

[Event "Elit(Linkoping-Astorp)"]
[Site "?"]
[Date "2006.10.20"]
[Round "1"]
[White "Tallinger, Thomas"]
[Black "Fransson, Jorgen"]
[Result "0-1"]
[WhiteElo "2224"]
[BlackElo "2069"]
[PlyCount "84"]
[EventDate "2006.??.??"]

1. e4 c5 2. Nf3 g6 3. d4 Bg7 4. c3 cxd4 5. cxd4 d5 6. e5 Nc6 7. Nc3 Bg4 8. Be2
e6 9. Nb5 f6 10. Nd6+ Kf8 11. Ng5 fxg5 12. Bxg4 Nxd4 13. Qxd4 Qxd6 14. exd6
Bxd4 15. Bxg5 Kf7 16. Rc1 Bb6 17. O-O Nf6 18. Bxf6 Kxf6 19. Rfe1 Rae8 20. d7
Re7 21. Rc3 e5 22. h4 e4 23. Rc8 Rd8 24. Rxd8 Bxd8 25. Rc1 Rf7 26. Rc8 Ke7 27.
Rb8 Bb6 28. Rxb7 Bxf2+ 29. Kh2 Rf8 30. d8=Q+ Kxd8 31. Rd7+ Ke8 32. Rxd5 Rf7 33.
h5 Re7 34. g3 e3 35. Be2 Kf7 36. Kg2 Kf6 37. hxg6 hxg6 38. Kf3 Rb7 39. b3 Rc7
40. Bd3 Rc6 41. Rd7 Re6 42. Rxa7 e2 0-1

[Event "Elit(Linkoping-Astorp)"]
[Site "?"]
[Date "2006.10.20"]
[Round "1"]
[White "Halvarsson, Peter"]
[Black "Fagerstrom, Bjorn"]
[Result "0-1"]
[WhiteElo "1974"]
[BlackElo "2217"]
[PlyCount "114"]
[EventDate "2006.??.??"]

1. e4 c5 2. Nc3 Nc6 3. f4 e6 4. Nf3 d6 5. Bc4 Nf6 6. Bb3 a6 7. a4 Be7 8. d3 d5
9. e5 Nd7 10. Qe2 Nd4 11. Nxd4 cxd4 12. Nd1 Nc5 13. Ba2 Nxa4 14. O-O b5 15. Bd2
g6 16. Qe1 Bb7 17. Ba5 Qc8 18. Rc1 Qc5 19. Bb3 Nb6 20. Bd2 b4 21. Kh1 a5 22. c3
Qb5 23. cxb4 a4 24. Rc7 Bc6 25. Rxe7+ Kxe7 26. Qh4+ Kd7 27. Bc2 h5 28. Qf6 Raf8
29. Nf2 Nc8 30. Ra1 Qb6 31. Nh3 Qd8 32. Qxd8+ Rxd8 33. Bxa4 Bxa4 34. Rxa4 Kc7
35. Ng5 Rd7 36. b5 Kb7 37. Kg1 Nb6 38. Ra2 Ra8 39. Rxa8 Nxa8 40. Nf3 Nc7 41.
Nxd4 Kb6 42. Bc3 Nxb5 43. Kf2 Nxd4 44. Bxd4+ Kb5 45. Ke3 Kb4 46. h3 Rc7 47. Kd2
Kb3 48. Bc3 d4 49. Bxd4 Rc2+ 50. Ke1 Rxg2 51. Bf2 Rh2 52. h4 Kxb2 53. Ke2 Kc3
54. Ke3 Rxf2 55. Kxf2 Kxd3 56. Kf3 Kd4 57. f5 exf5 0-1

[Event "Elit(LASK-Rockaden, Umea)"]
[Site "?"]
[Date "2006.10.20"]
[Round "1"]
[White "Lindgren, Fredrik"]
[Black "Olsson, Linus"]
[Result "1-0"]
[WhiteElo "2290"]
[BlackElo "2433"]
[PlyCount "139"]
[EventDate "2006.??.??"]
[SourceDate "2006.11.04"]

1. Nf3 c5 2. g3 Nc6 3. Bg2 d5 4. O-O Nf6 5. d3 e5 6. Nbd2 Be7 7. e4 O-O 8. c3
Re8 9. exd5 Nxd5 10. Nc4 Bf6 11. Re1 Bf5 12. Ng5 Qd7 13. Ne4 Be7 14. Ne3 Nxe3
15. Bxe3 b6 16. Qa4 Rac8 17. Rad1 Bf8 18. a3 Bg4 19. Rc1 Bh3 20. Bh1 Red8 21.
b4 cxb4 22. axb4 Ne7 23. b5 Rc7 24. d4 Nd5 25. dxe5 Nxe3 26. Rxe3 Qf5 27. Nd6
Qh5 28. Bf3 Qg5 29. Qf4 Qxf4 30. gxf4 g6 31. Bd5 Bxd6 32. Rxh3 Ba3 33. Rd1 Rcd7
34. c4 Bc5 35. e6 Rd6 36. exf7+ Kg7 37. Rhd3 Rf6 38. Rf3 Rf8 39. Kg2 h5 40. h4
Bd6 41. Kg3 Rf5 42. Re1 Bc5 43. Be6 Rf6 44. Kh3 Rd8 45. Bd5 Rf8 46. Re4 Rf5 47.
Re5 Rf6 48. Rg5 Rd8 49. f5 Rdd6 50. Rxg6+ Rxg6 51. fxg6 Rxg6 52. Rg3 Bd6 53.
Rg5 Kh6 54. f4 Rg7 55. Rf5 Bf8 56. Rf6+ Rg6 57. Rf5 Rd6 58. Re5 Rf6 59. f5 Bb4
60. Be6 Kg7 61. Rd5 Rh6 62. Rd7 Rf6 63. Rxa7 Bc5 64. Ra8 Bf8 65. c5 Bxc5 66.
Rg8+ Kh7 67. Rc8 Bd6 68. Rc6 Bb4 69. Rxb6 Kg7 70. Rb8 1-0

[Event "Elit(LASK-Rockaden, Umea)"]
[Site "?"]
[Date "2006.10.20"]
[Round "1"]
[White "Tikkanen, Hans"]
[Black "Eriksson, Jorgen"]
[Result "1-0"]
[WhiteElo "2402"]
[BlackElo "2265"]
[PlyCount "115"]
[EventDate "2006.??.??"]

1. d4 e6 2. c4 d5 3. Nc3 c6 4. e3 Nf6 5. Nf3 Ne4 6. Bd3 f5 7. Ne5 Qh4 8. g3 Qf6
9. f3 Nxc3 10. bxc3 Bd6 11. f4 b6 12. a4 O-O 13. Qb3 Bb7 14. a5 c5 15. O-O Qd8
16. Rb1 Bxe5 17. fxe5 Nc6 18. axb6 Na5 19. Qb5 axb6 20. Qxb6 Qxb6 21. Rxb6 dxc4
22. Bxc4 Nxc4 23. Rxb7 Rfb8 24. Rc7 Rc8 25. Rxc8+ Rxc8 26. Kf2 Kf7 27. Ke2 Kg6
28. Bd2 Rb8 29. Kd3 Nb2+ 30. Kc2 Nc4 31. Bc1 h6 32. Rd1 Rc8 33. Kb3 Nb6 34. c4
cxd4 35. Rxd4 Kf7 36. Bd2 Rb8 37. Bb4 g5 38. Rd6 Rb7 39. Rc6 h5 40. Kc3 Na4+
41. Kb3 Nb6 42. Rc5 Nd7 43. Ra5 h4 44. Kc3 hxg3 45. hxg3 Kg6 46. Bd6 Kh5 47. c5
Rb1 48. Ra7 Nb8 49. Bxb8 Rxb8 50. Ra4 Kg6 51. c6 Kf7 52. Kc4 Ke7 53. Ra7+ Ke8
54. Kc5 Rb3 55. Kd6 Rxe3 56. c7 Rc3 57. Ra8+ Kf7 58. c8=Q 1-0

[Event "Elit(LASK-Rockaden, Umea)"]
[Site "?"]
[Date "2006.10.20"]
[Round "?"]
[White "Malmstig, Erik"]
[Black "Niklasson, Christer"]
[Result "0-1"]
[WhiteElo "2329"]
[BlackElo "2413"]
[PlyCount "58"]
[EventDate "2006.??.??"]

1. d4 f5 2. c4 Nf6 3. g3 g6 4. Bg2 Bg7 5. Nh3 d6 6. Nc3 c6 7. d5 O-O 8. Nf4 e5
9. dxe6 Qe7 10. Qb3 Na6 11. Qa3 Nc5 12. O-O Bxe6 13. Nxe6 Qxe6 14. Bf4 Nh5 15.
Be3 Qxc4 16. Rac1 Bxc3 17. Rxc3 Qxe2 18. Bxc5 dxc5 19. Bf3 Qe7 20. Re3 Qg7 21.
Bxh5 gxh5 22. Rfe1 b6 23. Re7 Rf7 24. Qb3 Kf8 25. R7e6 Rd8 26. Qe3 Kg8 27. Rxc6
h4 28. b3 hxg3 29. hxg3 f4 0-1

[Event "Elit(LASK-Rockaden,Umea)"]
[Site "?"]
[Date "2006.10.20"]
[Round "1"]
[White "Semcesen, Daniel"]
[Black "Nygren, David"]
[Result "1/2-1/2"]
[WhiteElo "2369"]
[BlackElo "2238"]
[PlyCount "110"]
[EventDate "2006.??.??"]
[SourceDate "2006.11.05"]

1. d4 Nf6 2. c4 e6 3. Nf3 c5 4. d5 exd5 5. cxd5 d6 6. Nc3 g6 7. g3 Bg7 8. Bg2
O-O 9. O-O Re8 10. Re1 Ne4 11. Nxe4 Rxe4 12. Nd2 Re8 13. a4 b6 14. Ra3 Nd7 15.
e4 Ba6 16. Qc2 Rc8 17. Nc4 Bxc4 18. Qxc4 Ne5 19. Qc2 c4 20. Bf1 c3 21. Qd1 cxb2
22. Bxb2 Nc4 23. Bxg7 Nxa3 24. Bb2 Nc4 25. Bd4 Qd7 26. Bf6 h6 27. Qc1 Kh7 28.
Qf4 g5 29. Qf3 Ne5 30. Qd1 Qc7 31. Bb5 Qc3 32. Kg2 Rg8 33. Re3 Qb2 34. Bc6 Rg6
35. Rf3 Rf8 36. Bb5 Qb4 37. Bxe5 dxe5 38. Qc2 Qd6 39. Rc3 Qb4 40. Rc7 a5 41.
Bd7 Rd6 42. Bf5+ Kg7 43. Rb7 Qd4 44. Qc7 Rf6 45. Qd7 h5 46. Rc7 h4 47. h3 g4
48. gxh4 gxh3+ 49. Kxh3 Qxf2 50. Rc3 Qf1+ 51. Kh2 Qf2+ 52. Kh3 Qf1+ 53. Kh2
Qf2+ 54. Kh3 Qf1+ 55. Kh2 Qf2+ 1/2-1/2

[Event "Elit(LASK-Rockaden, Umea)"]
[Site "?"]
[Date "2006.10.20"]
[Round "1"]
[White "Lindgren, Mats"]
[Black "Lund, Esben"]
[Result "0-1"]
[WhiteElo "2209"]
[BlackElo "2342"]
[PlyCount "68"]
[EventDate "2006.??.??"]

1. e4 e5 2. Nf3 Nc6 3. Bb5 Nf6 4. O-O Nxe4 5. d4 Nd6 6. Bxc6 dxc6 7. dxe5 Nf5
8. Qxd8+ Kxd8 9. Nc3 h6 10. b3 Be6 11. Bb2 Ke8 12. Rad1 Rd8 13. Ne2 Bc5 14. c4
g5 15. h3 Rg8 16. g4 Ne7 17. Nd2 Ng6 18. Ne4 Be7 19. Kg2 Rd7 20. Kg3 Kd8 21. f4
gxf4+ 22. Nxf4 Nxf4 23. Kxf4 b5 24. cxb5 cxb5 25. Rxd7+ Kxd7 26. Nf6+ Bxf6 27.
exf6 c5 28. Be5 Kc6 29. Rd1 Bd5 30. h4 a5 31. Rd2 b4 32. Rc2 Be6 33. g5 hxg5+
34. hxg5 Rh8 0-1

[Event "Elit(LASK-Rockaden, Umea)"]
[Site "?"]
[Date "2006.10.20"]
[Round "1"]
[White "Nilsson, Sebastian"]
[Black "Engman, Rickard"]
[Result "0-1"]
[WhiteElo "2349"]
[BlackElo "2199"]
[PlyCount "40"]
[EventDate "2006.??.??"]

1. e4 e5 2. Nf3 Nc6 3. Nc3 Nf6 4. d4 exd4 5. Nxd4 Bb4 6. Nxc6 bxc6 7. Bd3 d6 8.
O-O Ng4 9. h3 Ne5 10. Be2 Qh4 11. Re1 Bc5 12. Be3 Bxe3 13. fxe3 Qg3 14. Kh1 h5
15. Qd2 Bxh3 16. gxh3 Qxh3+ 17. Kg1 Rh6 18. Bf1 Nf3+ 19. Kf2 Qh2+ 20. Kxf3 Rf6#
0-1

[Event "Elit(LASK-Rockaden, Umea)"]
[Site "?"]
[Date "2006.10.20"]
[Round "1"]
[White "Hammar, Ulf"]
[Black "Smith, Axel"]
[Result "1/2-1/2"]
[WhiteElo "2157"]
[BlackElo "2319"]
[PlyCount "76"]
[EventDate "2006.??.??"]

1. e4 e6 2. d4 d5 3. Nc3 Bb4 4. e5 c5 5. a3 cxd4 6. axb4 dxc3 7. Nf3 Nd7 8. Qd4
Qc7 9. Bd3 Ne7 10. O-O a5 11. bxc3 b6 12. Ba3 Ba6 13. bxa5 bxa5 14. Qh4 Qd8 15.
Bxe7 Qxe7 16. Rxa5 Qxh4 17. Nxh4 Bb7 18. Rxa8+ Bxa8 19. Nf3 Ke7 20. Ra1 Bb7 21.
Kf1 Ra8 22. Rxa8 Bxa8 23. Bb5 Nb8 24. Ke2 Bc6 25. Bd3 Ba4 26. Ke3 Nc6 27. Kf4
h6 28. h4 f6 29. h5 Kf7 30. Bg6+ Ke7 31. Bd3 Kf7 32. g3 Ke7 33. Bg6 Kf8 34. Bh7
Kf7 35. Bg6+ Kf8 36. Bd3 Ke7 37. Bh7 Kf7 38. Bd3 Ke7 1/2-1/2

[Event "Elit(LASK-Rockaden, Umea)"]
[Site "?"]
[Date "2006.10.20"]
[Round "1"]
[White "Riis, Jens"]
[Black "Larsson, Johan"]
[Result "1-0"]
[WhiteElo "2291"]
[BlackElo "2160"]
[PlyCount "115"]
[EventDate "2006.??.??"]

1. d4 Nf6 2. Nf3 d5 3. Bf4 c5 4. e3 Qb6 5. Nc3 e6 6. Rb1 cxd4 7. exd4 Bd6 8.
Ne5 Nc6 9. Bb5 Bxe5 10. Bxe5 Nd7 11. Bxg7 Rg8 12. Qg4 Ne7 13. Bd3 Nf8 14. Qg5
e5 15. Qxe7+ Kxe7 16. Nxd5+ Ke8 17. Nxb6 axb6 18. Bxe5 Rxa2 19. O-O Be6 20.
Rfe1 Kd8 21. c4 Ng6 22. Bg3 h5 23. h4 Ne7 24. Re5 Nc6 25. Rxh5 Nxd4 26. Kh2 Kc8
27. Be5 Nc6 28. Bc3 Ra4 29. b3 Ra2 30. Rb2 Ra1 31. Bf5 Rc1 32. Bd2 Rd1 33.
Bxe6+ fxe6 34. Be3 Rd3 35. Bxb6 Ne7 36. Rc5+ Kb8 37. Bc7+ Kc8 38. b4 Kd7 39.
Bf4 Rg4 40. g3 Nf5 41. Rc7+ Kd8 42. Rh7 Ke8 43. Ra2 Rg7 44. Ra8+ Kf7 45. Rxg7+
Kxg7 46. Be5+ Kh7 47. Rh8+ Kg6 48. h5+ Kg5 49. Kh3 Rf3 50. Kg2 Rb3 51. b5 Ne7
52. Re8 Nf5 53. Rxe6 Kxh5 54. Rb6 Rb4 55. c5 Rc4 56. Kh3 Rxc5 57. g4+ Kg5 58.
f4# 1-0

[Event "Elit(Vasteras-Limhamn)"]
[Site "?"]
[Date "2006.10.20"]
[Round "1"]
[White "Hector, Jonny"]
[Black "Eriksson, Johan"]
[Result "1-0"]
[WhiteElo "2635"]
[BlackElo "2447"]
[PlyCount "133"]
[EventDate "2006.??.??"]
[SourceDate "2006.11.05"]

1. e4 c5 2. Nf3 d6 3. d4 cxd4 4. Nxd4 Nf6 5. Nc3 a6 6. Bg5 e6 7. f4 Qc7 8. Bxf6
gxf6 9. Be2 Nc6 10. Nxc6 bxc6 11. O-O Bb7 12. f5 e5 13. Na4 d5 14. c4 dxe4 15.
Qc2 O-O-O 16. c5 e3 17. Rad1 Be7 18. Qc3 Rxd1 19. Rxd1 Rd8 20. Qxe3 Qa5 21.
Rxd8+ Bxd8 22. Bd1 Qb5 23. b3 Qb4 24. Bh5 Qa3 25. Qd2 Be7 26. Qc2 Qb4 27. g3 a5
28. Be2 Qd4+ 29. Kg2 Kd8 30. Qd3 Qd5+ 31. Qf3 Bc8 32. Bd3 Bd7 33. Qe4 Bf8 34.
Kf3 Bh6 35. Ke2 Kc7 36. Kd1 Qxe4 37. Bxe4 Be3 38. Kc2 Bd4 39. Bd3 h5 40. Kd2
Bg1 41. Ke2 Bc8 42. Kf3 Kd8 43. h3 Ke7 44. Be4 Bd7 45. Ke2 Bd4 46. Kd3 Bc8 47.
Kd2 Ba6 48. Bd3 Bb5 49. Bxb5 cxb5 50. Nc3 Bxc5 51. Nd5+ Kd6 52. Nxf6 Bd4 53.
Kd3 Kc5 54. Nxh5 Kb4 55. g4 Bc5 56. Nf6 Ka3 57. Ne4 Bf8 58. Kc2 Kxa2 59. Nc3+
Ka3 60. Nxb5+ Kb4 61. Nc3 Kc5 62. Kd3 Kb4 63. g5 Kxb3 64. f6 a4 65. Nxa4 Kxa4
66. h4 Kb5 67. h5 1-0

[Event "Elit(Vasteras-Limhamn)"]
[Site "?"]
[Date "2006.10.20"]
[Round "1"]
[White "Eriksson, Jonas"]
[Black "Schneider, Stefan"]
[Result "1/2-1/2"]
[WhiteElo "2365"]
[BlackElo "2454"]
[PlyCount "105"]
[EventDate "2006.??.??"]

1. d4 d5 2. Nf3 Nf6 3. c4 c6 4. Nc3 a6 5. c5 Bf5 6. Qb3 Qc8 7. h3 Nbd7 8. Bf4
h6 9. g4 Bh7 10. Bg2 e6 11. Na4 Be7 12. Ne5 Bd8 13. Bf3 Ba5+ 14. Kf1 Bc7 15.
Qe3 Qd8 16. g5 hxg5 17. Bxg5 Bf5 18. h4 Qb8 19. Nd3 Ne4 20. Bf4 Qd8 21. h5 Bxf4
22. Nxf4 Qa5 23. Nc3 Nxc3 24. bxc3 O-O-O 25. Rg1 Rh7 26. Rg5 Kb8 27. a4 Ka7 28.
Ra3 f6 29. Rxf5 exf5 30. Qe7 Nf8 31. Nd3 Rc8 32. Rb3 Qc7 33. Qe3 Rh8 34. Nf4
Qd7 35. Qc1 Re8 36. c4 Ne6 37. Nxe6 Rxe6 38. cxd5 cxd5 39. Qb1 Rd8 40. Qxf5 Rc6
41. Qb1 f5 42. e3 Rf6 43. a5 Re8 44. Rb4 Ka8 45. Qb3 Rd8 46. Ke1 Qf7 47. Rb6
Rxb6 48. Qxb6 Qd7 49. c6 bxc6 50. Qxa6+ Kb8 51. Qb6+ Ka8 52. Qa6+ Kb8 53. Qb6+
1/2-1/2

[Event "Elit(Vasteras-Limhamn)"]
[Site "?"]
[Date "2006.10.20"]
[Round "1"]
[White "Helgason, Reynir"]
[Black "Norberg, Johan"]
[Result "1/2-1/2"]
[WhiteElo "2382"]
[BlackElo "2357"]
[PlyCount "83"]
[EventDate "2006.??.??"]

1. d4 g6 2. e4 Bg7 3. Nf3 d6 4. c4 Nf6 5. Nc3 O-O 6. Be2 e5 7. O-O Nc6 8. d5
Ne7 9. b4 Nd7 10. a4 f5 11. Ng5 Nf6 12. f3 c6 13. b5 c5 14. Ra3 Ne8 15. f4 h6
16. Ne6 Bxe6 17. dxe6 Qc8 18. fxe5 dxe5 19. Bf3 Qxe6 20. exf5 gxf5 21. Bxb7 Rb8
22. Bd5 Nxd5 23. Qxd5 Qxd5 24. Nxd5 Nd6 25. Rd3 Nxc4 26. Ne7+ Kh7 27. Nxf5 Rbd8
28. Rc3 Nd2 29. Bxd2 Rxd2 30. Nxg7 Rxf1+ 31. Kxf1 Kxg7 32. Rxc5 Kf6 33. Rc6+
Kg5 34. Re6 Kf4 35. Rxh6 e4 36. Rh4+ Ke5 37. Rh3 Kd4 38. Ra3 e3 39. Ra1 Kd3 40.
a5 Rf2+ 41. Kg1 Rf5 42. Ra3+ 1/2-1/2

[Event "Elit(Vasteras-Limhamn)"]
[Site "?"]
[Date "2006.10.20"]
[Round "1"]
[White "Eriksson, Anders"]
[Black "Andersson, Christin"]
[Result "1-0"]
[WhiteElo "2366"]
[BlackElo "2315"]
[PlyCount "65"]
[EventDate "2006.??.??"]

1. Nf3 Nf6 2. c4 e6 3. g3 d5 4. Bg2 Bd6 5. O-O O-O 6. d3 Re8 7. Nc3 Nbd7 8. e4
c6 9. Qe2 Ne5 10. Nh4 Bb4 11. f4 Ng6 12. Nxg6 hxg6 13. e5 Nd7 14. Nd1 a6 15.
Nf2 b5 16. cxd5 cxd5 17. d4 Bb7 18. Be3 Rc8 19. h4 Nb6 20. Nd3 Be7 21. b3 Ba8
22. Rf2 Ba3 23. Bf1 Re7 24. h5 gxh5 25. Qxh5 g6 26. Qh3 Qf8 27. f5 exf5 28. Rh2
f6 29. Qh8+ Kf7 30. Qxf6+ Ke8 31. Qxb6 Bc6 32. Qa5 Rec7 33. b4 1-0

[Event "Elit(Vasteras-Limhamn)"]
[Site "?"]
[Date "2006.10.20"]
[Round "1"]
[White "Nylen, Anders"]
[Black "Norberg, Erik"]
[Result "0-1"]
[WhiteElo "2279"]
[BlackElo "2268"]
[PlyCount "102"]
[EventDate "2006.??.??"]

1. d4 g6 2. e4 Bg7 3. c4 d6 4. Nc3 e5 5. d5 Nd7 6. Bd3 Ne7 7. Nge2 O-O 8. O-O
f5 9. f4 Nc5 10. Bc2 fxe4 11. Nxe4 Nxe4 12. Bxe4 Nf5 13. Qc2 Bd7 14. Rb1 Qe7
15. Bd2 exf4 16. Nxf4 Qh4 17. Qd3 Bd4+ 18. Kh1 Bf2 19. Nh3 Bg3 20. Bg5 Qg4 21.
Bf3 Qd4 22. Qxd4 Nxd4 23. hxg3 Bxh3 24. gxh3 Rxf3 25. Kg2 Rxf1 26. Rxf1 Re8 27.
Rf2 Nf5 28. b3 Ne3+ 29. Kg1 Nd1 30. Rd2 Nc3 31. Kg2 Kg7 32. Rc2 Ne4 33. Be3 b6
34. Kf3 Kf7 35. h4 Nxg3 36. Bxb6 Nf5 37. Bxa7 Nxh4+ 38. Kf2 Nf5 39. Kf3 h5 40.
a4 g5 41. Bf2 Kg6 42. a5 g4+ 43. Kg2 g3 44. Bg1 Kg5 45. c5 dxc5 46. Bxc5 h4 47.
a6 h3+ 48. Kf3 Re1 49. a7 h2 50. a8=Q h1=Q+ 51. Rg2 Nh4+ 0-1

[Event "Elit(Vasteras-Limhamn)"]
[Site "?"]
[Date "2006.10.20"]
[Round "1"]
[White "Nilsson, Andre"]
[Black "Holst, Conny"]
[Result "1-0"]
[WhiteElo "2294"]
[BlackElo "2241"]
[PlyCount "93"]
[EventDate "2006.??.??"]

1. g3 Nf6 2. Bg2 g6 3. e4 d6 4. d4 Bg7 5. Ne2 c5 6. c3 cxd4 7. cxd4 O-O 8. O-O
Nc6 9. Nbc3 Qa5 10. d5 Ne5 11. h3 b5 12. f4 Nc4 13. Nd4 b4 14. Nce2 Bd7 15. b3
Na3 16. Be3 Rac8 17. Qd2 Nb5 18. e5 dxe5 19. fxe5 Nxd4 20. Qxd4 Ne8 21. Bd2 Qb5
22. Nf4 a5 23. Rac1 Nd6 24. Kh2 Qb8 25. Rfe1 Nb5 26. Qe3 Rxc1 27. Bxc1 Nc3 28.
e6 Bc8 29. Bb2 f5 30. a4 Bb7 31. Qc5 Be5 32. Rxe5 Qxe5 33. Qxe7 Ba8 34. Qd7 g5
35. Nh5 f4 36. e7 fxg3+ 37. Nxg3 Rb8 38. d6 Bxg2 39. Qd8+ Kg7 40. Qxb8 Bc6 41.
Qc7 Be8 42. d7 Qxc7 43. dxe8=Q Qf4 44. Qc6 Qf2+ 45. Qg2 Qe1 46. Qf3 Qd2+ 47.
Qe2 1-0

[Event "Elit(Vasteras-Limhamn)"]
[Site "?"]
[Date "2006.10.20"]
[Round "1"]
[White "Penalver, Osmani"]
[Black "Janse, Love"]
[Result "1-0"]
[WhiteElo "2232"]
[BlackElo "2259"]
[PlyCount "41"]
[EventDate "2006.??.??"]

1. d4 f5 2. Nf3 Nf6 3. g3 g6 4. Bg2 Bg7 5. c4 O-O 6. O-O d6 7. Nc3 Qe8 8. d5
Na6 9. Nd4 Bd7 10. Rb1 c6 11. b4 Nxb4 12. a3 c5 13. Ne6 Bxe6 14. dxe6 Nc6 15.
Rxb7 Na5 16. Rc7 Qd8 17. Bxa8 Qxc7 18. Bd5 Nxd5 19. Nxd5 Qb7 20. Qa4 Nc6 21.
Qxc6 1-0

[Event "Elit(Vasteras-Limhamn)"]
[Site "?"]
[Date "2006.10.20"]
[Round "1"]
[White "Kimari, Patrick"]
[Black "Mansson, Lars"]
[Result "0-1"]
[WhiteElo "2191"]
[BlackElo "2215"]
[PlyCount "50"]
[EventDate "2006.??.??"]

1. e4 c6 2. d4 d5 3. e5 Bf5 4. Nc3 Qb6 5. Na4 Qa5+ 6. c3 e6 7. b4 Qc7 8. Nf3
Nd7 9. Bd3 Bxd3 10. Qxd3 a5 11. b5 c5 12. O-O Ne7 13. Nxc5 Nxc5 14. dxc5 Qxc5
15. a4 Rc8 16. Ba3 Qc4 17. Qxc4 Rxc4 18. Nd2 Rxa4 19. Bxe7 Rxa1 20. Rxa1 Bxe7
21. Rxa5 Kd7 22. Ra4 Kc7 23. Rg4 Rg8 24. c4 Kb6 25. f4 Bb4 0-1

[Event "Elit(Sollentuna-Eksjo)"]
[Site "?"]
[Date "2006.10.21"]
[Round "2"]
[White "Gdanski, Jacek"]
[Black "Carlsson, Pontus"]
[Result "1/2-1/2"]
[WhiteElo "2584"]
[BlackElo "2659"]
[PlyCount "48"]
[EventDate "2006.11.05"]
[SourceDate "2006.11.05"]

1. g3 Nf6 2. Bg2 d5 3. Nf3 c6 4. O-O Bg4 5. c4 Nbd7 6. d3 e6 7. b3 Bd6 8. Bb2
O-O 9. Nc3 Qe7 10. a3 Rfe8 11. h3 Bxf3 12. exf3 a5 13. f4 Qd8 14. d4 Bf8 15.
Qc2 Qc8 16. f5 exf5 17. Qxf5 g6 18. Qc2 Bg7 19. Rad1 Nf8 20. Na4 Ne6 21. Nc5 b6
22. Nxe6 Rxe6 23. Rfe1 Ra7 24. Rxe6 Qxe6 1/2-1/2

[Event "Elit(Sollentuna-Eksjo)"]
[Site "?"]
[Date "2006.10.21"]
[Round "2"]
[White "Agrest, Evgenij"]
[Black "Vernersson, Per"]
[Result "1-0"]
[WhiteElo "2649"]
[BlackElo "2496"]
[PlyCount "81"]
[EventDate "2006.??.??"]

1. c4 e6 2. Nf3 d5 3. d4 Nf6 4. Nc3 Be7 5. Bf4 dxc4 6. e3 Nd5 7. Bxc4 Nxf4 8.
exf4 O-O 9. O-O Nd7 10. Bb3 Nf6 11. Ne5 Nd7 12. Qf3 c6 13. Rad1 Qc7 14. Rfe1
Nf6 15. Rc1 Bb4 16. Qg3 Qd6 17. Rcd1 Bd7 18. Qh4 Bxc3 19. bxc3 Rae8 20. Rd3 Qe7
21. Rh3 h6 22. Rg3 Kh8 23. Bc2 Bc8 24. Rg6 Ng8 25. Qg3 f5 26. Rxh6+ Nxh6 27.
Ng6+ Kg8 28. Nxe7+ Rxe7 29. Bb3 Ng4 30. Qh4 Rf6 31. h3 Nh6 32. Re3 Re8 33. Rg3
Kf8 34. Qh5 Bd7 35. Rg6 Ng8 36. g4 fxg4 37. hxg4 Rxf4 38. Rxg7 Kxg7 39. Qg5+
Kf7 40. Qxf4+ Ke7 41. Qc7 1-0

[Event "Elit(Sollentuna-Eksjo)"]
[Site "?"]
[Date "2006.10.21"]
[Round "2"]
[White "Lindberg, Bo"]
[Black "Ornstein, Axel"]
[Result "1-0"]
[WhiteElo "2519"]
[BlackElo "2422"]
[PlyCount "117"]
[EventDate "2006.??.??"]

1. d4 Nf6 2. Bg5 e6 3. e4 c5 4. e5 h6 5. Bc1 Nd5 6. c4 Nb6 7. dxc5 Bxc5 8. Qg4
Bf8 9. Nf3 Nc6 10. Nc3 d6 11. Bf4 dxe5 12. Nxe5 Nxe5 13. Bxe5 Nd7 14. Bg3 Nf6
15. Qf3 Qb6 16. O-O-O Bd7 17. Be5 Bc6 18. Qf4 Be7 19. Be2 O-O 20. Kb1 Rac8 21.
Rd3 Nd7 22. Bxg7 Kxg7 23. Rg3+ Bg5 24. h4 Qc7 25. Qxc7 Rxc7 26. hxg5 hxg5 27.
Rxg5+ Kf6 28. f4 Rcc8 29. Rh6+ Ke7 30. g4 Rh8 31. Rgh5 Rxh6 32. Rxh6 a5 33. b3
Rg8 34. Kc2 e5 35. f5 Nf6 36. Rh4 e4 37. Kd2 Kd6 38. Ke3 Ke5 39. Nd1 Rg7 40.
Nf2 Rh7 41. Rh3 Rxh3+ 42. Nxh3 Nh7 43. a3 b6 44. Bd1 Bb7 45. b4 axb4 46. axb4
Bc6 47. Bc2 Bb7 48. Ba4 Ba8 49. Nf2 Ng5 50. c5 bxc5 51. bxc5 Kd5 52. c6 Bxc6
53. Bxc6+ Kxc6 54. Nxe4 Nh7 55. g5 Nf8 56. Nf6 Kc5 57. Kd3 Kc6 58. Kc4 Kd6 59.
Kd4 1-0

[Event "Elit(Sollentuna-Eksjo)"]
[Site "?"]
[Date "2006.10.21"]
[Round "2"]
[White "Rothen, Hakan"]
[Black "Ernst, Thomas"]
[Result "0-1"]
[WhiteElo "2338"]
[BlackElo "2508"]
[PlyCount "122"]
[EventDate "2006.??.??"]

1. d4 Nf6 2. Nf3 e6 3. Bg5 c5 4. c3 Qb6 5. Qb3 d5 6. e3 Nc6 7. Nbd2 Be7 8. Be2
Bd7 9. O-O Rc8 10. h3 Na5 11. Qxb6 axb6 12. Ne5 Nc6 13. Rad1 Nxe5 14. dxe5 Ng8
15. Bf4 Nh6 16. e4 Bc6 17. exd5 exd5 18. Bxh6 gxh6 19. f4 O-O 20. Nf3 Kh8 21.
Kh2 Ra8 22. a3 Ra4 23. g3 b5 24. Ne1 b4 25. cxb4 cxb4 26. axb4 Rxb4 27. Nd3 Re4
28. Rd2 Re3 29. Nf2 Bb4 30. Rd4 Rxe2 31. Rxb4 Rd8 32. Rd4 Rxb2 33. Kg1 Rg8 34.
g4 Ra8 35. f5 Kg7 36. Re1 Raa2 37. Rf4 Re2 38. Rxe2 Rxe2 39. f6+ Kf8 40. Rf5 d4
41. Rf4 Rxe5 42. Rxd4 Rd5 43. Rc4 Rd6 44. Rf4 Ke8 45. Kh2 Kd7 46. Kg3 Ke6 47.
Kh4 Rd5 48. Nh1 Bb5 49. Ng3 Bd3 50. Rb4 Rb5 51. Rf4 Bg6 52. Rf2 Rc5 53. Ne2 b5
54. Nd4+ Ke5 55. Nf5 Bxf5 56. Rxf5+ Kd6 57. Rf4 Ke6 58. Kg3 h5 59. Kh4 hxg4 60.
hxg4 h6 61. Kg3 h5 0-1

[Event "Elit(Sollentuna-Eksjo)"]
[Site "?"]
[Date "2006.10.21"]
[Round "2"]
[White "Couso, Luis"]
[Black "Miskulin, Dennis"]
[Result "1-0"]
[WhiteElo "2354"]
[BlackElo "2272"]
[PlyCount "69"]
[EventDate "2006.??.??"]

1. e4 c5 2. Nf3 d6 3. d4 cxd4 4. Nxd4 Nf6 5. Nc3 a6 6. Be3 e6 7. a4 Nc6 8. Nb3
Be7 9. a5 O-O 10. Be2 Qc7 11. Bb6 Qb8 12. O-O Nd7 13. Na4 Nxb6 14. Nxb6 Ra7 15.
Qd2 Ne5 16. Rfd1 Nd7 17. c4 Nxb6 18. axb6 Ra8 19. f4 Rd8 20. Qe3 Bd7 21. Na5
Qc8 22. b4 e5 23. fxe5 dxe5 24. c5 h6 25. Bc4 Rf8 26. Bd5 Rb8 27. Qb3 Kh8 28.
h3 Bb5 29. Rac1 f6 30. Kh2 Kh7 31. Be6 Qe8 32. Qd5 Qh5 33. Nxb7 Rbd8 34. Nxd8
Rxd8 35. Bf5+ 1-0